|
|
|
|
| LEADER |
01144nam a2200337 4500 |
| 001 |
DLU040026352 |
| 005 |
##20021230 |
| 008 |
##021230t vn z000 vie d |
| 040 |
# |
# |
|a DLU
|b vie
|
| 041 |
# |
# |
|a vie
|
| 044 |
# |
# |
|a vn
|
| 082 |
# |
# |
|a 333.72
|b VO-H
|
| 100 |
# |
# |
|a Võ Nguyên Huân
|
| 110 |
# |
# |
|a SPAM
|
| 245 |
# |
# |
|a Đánh giá quản lý và đầu tư vùng đệm =
|b Buffer zone management and investment /
|c Võ Nguyên Huân, Trần Thị Thu Thuỷ, Nguyễn Ngọc Quang; Dự án tăng cường công tác quản lý hệ thống khu bảo tồn thiên nhiên tại Việt Nam (SPAM project)
|
| 260 |
# |
# |
|a H. :
|b [knxb],
|c 2002
|
| 300 |
# |
# |
|a v, 67; v, 71 tr. ;
|c 30 cm
|
| 490 |
# |
# |
|a Báo cáo kỹ thuật;
|v số 10
|
| 546 |
# |
# |
|a Song ngữ Việt Anh
|
| 710 |
# |
# |
|a Dự án tăng cường công tác quản lý hệ thống khu bảo tồn thiên nhiên tại Việt Nam (SPAM project)
|
| 992 |
# |
# |
|a 0
|
| 994 |
# |
# |
|a DLU
|
| 998 |
# |
# |
|a KY
|
| 900 |
# |
# |
|a True
|
| 911 |
# |
# |
|a Thái Thị Thanh Thủy
|
| 925 |
# |
# |
|a G
|
| 926 |
# |
# |
|a A
|
| 927 |
# |
# |
|a SH
|
| 980 |
# |
# |
|a Thư viện Trường Đại học Đà Lạt
|